Pokémon Word Scramble - Statistics

General Stats
  • This quiz has been taken 2,073 times
  • The average score is 9 of 21
Answer Stats
Pokémon % Correct
Abra
100%
Deino
100%
Eelektrik
100%
Eevee
100%
Ekans
100%
Jynx
100%
Klefki
100%
Lunala
100%
Magneton
100%
Mew
100%
Mewtwo
100%
Muk
100%
Onix
100%
Petilil
100%
Pichu
100%
Piplup
100%
Porygon-Z
100%
Seel
100%
Shellos
100%
Steelix
100%
Sudowoodo
100%
Tepig
100%
Uxie
100%
Victini
100%
Vulpix
100%
Yanma
100%
Yveltal
100%
Zorua
100%
Paras
95%
Weedle
94%
Ditto
93%
Hoothoot
93%
Alakazam
92%
Lugia
92%
Quilava
92%
Zapdos
92%
Girafarig
91%
Hoppip
91%
Natu
91%
Shinx
91%
Klang
90%
Magby
90%
Pyukumuku
90%
Snom
90%
Vibrava
90%
Deoxys
89%
Ho-Oh
89%
Krokorok
89%
Mimikyu
89%
Kakuna
88%
Rotom
88%
Unown
88%
Voltorb
88%
Snivy
87%
Doduo
86%
Hoopa
86%
Komala
86%
Kyurem
86%
Mankey
86%
Phanpy
86%
Skarmory
86%
Beheeyem
83%
Budew
83%
Drampa
83%
Fennekin
83%
Jigglypuff
83%
Makuhita
83%
Monferno
83%
Pidgey
83%
Zacian
83%
Zamazenta
83%
Azelf
82%
Pikipek
82%
Baltoy
80%
Carvanha
80%
Farfetch’d
80%
Feebas
80%
Lillipup
80%
Melmetal
80%
Mime Jr.
80%
Pidove
80%
Sawk
80%
Swanna
80%
Tyrunt
80%
Wooloo
80%
Arbok
78%
Bruxish
78%
Cubone
78%
Flareon
78%
Machamp
78%
Nidoran
78%
Porygon2
78%
Blitzle
77%
Luxio
77%
Zubat
77%
Alomomola
75%
Bidoof
75%
Cherrim
75%
Chewtle
75%
Dedenne
75%
Dialga
75%
Ducklett
75%
Flabébé
75%
Furfrou
75%
Glalie
75%
Gloom
75%
Golbat
75%
Gulpin
75%
Impidimp
75%
Kangaskhan
75%
Kommo-o
75%
Lickilicky
75%
Mantyke
75%
Mr. Mime
75%
Pikachu
75%
Pyroar
75%
Qwilfish
75%
Sceptile
75%
Snorlax
75%
Sobble
75%
Vaporeon
75%
Wimpod
75%
Drifblim
73%
Grovyle
73%
Jellicent
73%
Lopunny
73%
Mawile
73%
Ralts
73%
Rayquaza
73%
Stakataka
73%
Swirlix
73%
Aipom
71%
Aron
71%
Dewpider
71%
Exeggcute
71%
Exeggutor
71%
Furret
71%
Poliwhirl
71%
Psyduck
71%
Rufflet
71%
Wooper
71%
Xatu
71%
Dwebble
70%
Jumpluff
70%
Klink
70%
Larvitar
70%
Litten
70%
Meltan
70%
Pinsir
70%
Riolu
70%
Toxicroak
70%
Wigglytuff
70%
Bronzor
69%
Turtwig
69%
Altaria
67%
Axew
67%
Buizel
67%
Charizard
67%
Decidueye
67%
Dustox
67%
Electabuzz
67%
Golem
67%
Graveler
67%
Groudon
67%
Hypno
67%
Jangmo-o
67%
Jirachi
67%
Joltik
67%
Kadabra
67%
Kecleon
67%
Lileep
67%
Magcargo
67%
Malamar
67%
Mothim
67%
Mudkip
67%
Munna
67%
Noivern
67%
Orbeetle
67%
Perrserker
67%
Pupitar
67%
Rattata
67%
Sandslash
67%
Shiftry
67%
Shuppet
67%
Slaking
67%
Solosis
67%
Spinda
67%
Teddiursa
67%
Throh
67%
Type: Null
67%
Unfezant
67%
Vileplume
67%
Zeraora
67%
Zygarde
67%
Delphox
65%
Amaura
64%
Aurorus
64%
Burmy
64%
Buzzwole
64%
Chimchar
64%
Clefairy
64%
Entei
64%
Golurk
64%
Oricorio
64%
Phione
64%
Popplio
64%
Raikou
64%
Snubbull
64%
Stunfisk
64%
Vespiquen
64%
Victreebel
64%
Vullaby
64%
Wingull
64%
Ampharos
63%
Avalugg
63%
Bagon
63%
Butterfree
63%
Clobbopus
63%
Cubchoo
63%
Dewott
63%
Dodrio
63%
Gogoat
63%
Horsea
63%
Litleo
63%
Magnezone
63%
Minior
63%
Numel
63%
Pignite
63%
Toxel
63%
Weavile
63%
Dreepy
62%
Fraxure
62%
Silvally
62%
Flaaffy
60%
Flygon
60%
Frosmoth
60%
Gible
60%
Kabuto
60%
Lucario
60%
Ludicolo
60%
Marill
60%
Minccino
60%
Nidoran
60%
Nuzleaf
60%
Oddish
60%
Patrat
60%
Prinplup
60%
Scizor
60%
Servine
60%
Staryu
60%
Swalot
60%
Taillow
60%
Tyrantrum
60%
Weezing
60%
Whimsicott
60%
Wormadam
60%
Gengar
58%
Golduck
58%
Kyogre
58%
Magikarp
58%
Magmar
58%
Swadloon
58%
Swampert
58%
Vikavolt
58%
Ambipom
57%
Bayleef
57%
Diancie
57%
Hakamo-o
57%
Huntail
57%
Igglybuff
57%
Koffing
57%
Masquerain
57%
Rhydon
57%
Slugma
57%
Sylveon
57%
Toxtricity
57%
Vivillon
57%
Wailord
57%
Azumarill
56%
Binacle
56%
Charmander
56%
Dratini
56%
Finneon
56%
Gabite
56%
Gurdurr
56%
Krookodile
56%
Machop
56%
Morpeko
56%
Nidorino
56%
Palkia
56%
Salazzle
56%
Starly
56%
Stufful
56%
Togepi
56%
Umbreon
56%
Virizion
56%
Volcanion
56%
Celebi
55%
Combee
55%
Drowzee
55%
Foongus
55%
Houndour
55%
Litwick
55%
Magearna
55%
Nidoqueen
55%
Ninjask
55%
Pincurchin
55%
Purugly
55%
Regigigas
55%
Sneasel
55%
Surskit
55%
Swinub
55%
Tyranitar
55%
Corphish
54%
Elekid
54%
Lanturn
54%
Ponyta
54%
Meowth
53%
Archen
50%
Barboach
50%
Beautifly
50%
Blaziken
50%
Blissey
50%
Bulbasaur
50%
Cacnea
50%
Camerupt
50%
Carkol
50%
Carnivine
50%
Carracosta
50%
Cleffa
50%
Cosmog
50%
Darumaka
50%
Diglett
50%
Donphan
50%
Drilbur
50%
Drizzile
50%
Dubwool
50%
Dugtrio
50%
Eelektross
50%
Elgyem
50%
Excadrill
50%
Fearow
50%
Feraligatr
50%
Florges
50%
Frillish
50%
Gardevoir
50%
Giratina
50%
Gligar
50%
Goomy
50%
Grimer
50%
Grumpig
50%
Hawlucha
50%
Haxorus
50%
Hippowdon
50%
Hitmonchan
50%
Hitmonlee
50%
Jolteon
50%
Kricketot
50%
Ledyba
50%
Machoke
50%
Marshtomp
50%
Metang
50%
Minun
50%
Murkrow
50%
Necrozma
50%
Nidorina
50%
Oshawott
50%
Phantump
50%
Pheromosa
50%
Pineco
50%
Plusle
50%
Porygon
50%
Primarina
50%
Probopass
50%
Purrloin
50%
Regirock
50%
Reshiram
50%
Sableye
50%
Shaymin
50%
Shelmet
50%
Sirfetch'd
50%
Skiddo
50%
Skorupi
50%
Skuntank
50%
Skwovet
50%
Slurpuff
50%
Smoochum
50%
Spewpa
50%
Spoink
50%
Staravia
50%
Steenee
50%
Stunky
50%
Swoobat
50%
Torkoal
50%
Treecko
50%
Trubbish
50%
Venomoth
50%
Venusaur
50%
Whirlipede
50%
Wobbuffet
50%
Wurmple
50%
Xerneas
50%
Zangoose
50%
Zekrom
50%
Zoroark
50%
Krabby
47%
Seedot
47%
Bellossom
46%
Honchkrow
46%
Houndoom
46%
Lapras
46%
Shellder
46%
Swellow
46%
Tangela
46%
Braixen
45%
Charmeleon
45%
Croagunk
45%
Gorebyss
45%
Grubbin
45%
Happiny
45%
Herdier
45%
Piloswine
45%
Seviper
45%
Tapu Bulu
45%
Turtonator
45%
Zigzagoon
45%
Arceus
44%
Beartic
44%
Boltund
44%
Chimecho
44%
Dragonair
44%
Durant
44%
Espeon
44%
Keldeo
44%
Larvesta
44%
Luxray
44%
Milcery
44%
Milotic
44%
Nidoking
44%
Noctowl
44%
Pumpkaboo
44%
Rhyhorn
44%
Sentret
44%
Snover
44%
Tapu Fini
44%
Torchic
44%
Venipede
44%
Walrein
44%
Absol
43%
Applin
43%
Banette
43%
Braviary
43%
Coalossal
43%
Corviknight
43%
Croconaw
43%
Gastly
43%
Gigalith
43%
Misdreavus
43%
Palpitoad
43%
Quagsire
43%
Rhyperior
43%
Skitty
43%
Skrelp
43%
Squirtle
43%
Tapu Lele
43%
Tauros
43%
Timburr
43%
Bewear
42%
Blacephalon
42%
Drednaw
42%
Floatzel
42%
Hatterene
42%
Ivysaur
42%
Magmortar
42%
Rockruff
42%
Wynaut
42%
Tapu Koko
41%
Bonsly
40%
Bunnelby
40%
Cascoon
40%
Chespin
40%
Crabominable
40%
Crabrawler
40%
Delibird
40%
Emolga
40%
Garchomp
40%
Geodude
40%
Gliscor
40%
Grookey
40%
Hariyama
40%
Indeedee
40%
Manaphy
40%
Miltank
40%
Mr. Rime
40%
Palossand
40%
Pansage
40%
Primeape
40%
Rapidash
40%
Sawsbuck
40%
Slakoth
40%
Torterra
40%
Weepinbell
40%
Whiscash
40%
Yungoos
40%
Amoonguss
38%
Barraskewda
38%
Breloom
38%
Chingling
38%
Cyndaquil
38%
Dartrix
38%
Dusclops
38%
Electivire
38%
Espurr
38%
Froslass
38%
Hippopotas
38%
Hitmontop
38%
Illumise
38%
Inkay
38%
Latios
38%
Lotad
38%
Mareep
38%
Nickit
38%
Nincada
38%
Nosepass
38%
Panpour
38%
Politoed
38%
Rampardos
38%
Rowlet
38%
Sandygast
38%
Sealeo
38%
Sewaddle
38%
Stantler
38%
Toucannon
38%
Zweilous
38%
Abomasnow
36%
Buneary
36%
Cutiefly
36%
Exploud
36%
Golisopod
36%
Kartana
36%
Pancham
36%
Salandit
36%
Slowpoke
36%
Spritzee
36%
Toxapex
36%
Venonat
36%
Volbeat
36%
Aggron
33%
Araquanid
33%
Arrokuda
33%
Bastiodon
33%
Bounsweet
33%
Bronzong
33%
Cacturne
33%
Chandelure
33%
Chansey
33%
Cinderace
33%
Clefable
33%
Cofagrigus
33%
Cosmoem
33%
Cottonee
33%
Cufant
33%
Darkrai
33%
Dottler
33%
Drapion
33%
Druddigon
33%
Forretress
33%
Goodra
33%
Gourgeist
33%
Greninja
33%
Guzzlord
33%
Heatran
33%
Kingdra
33%
Kingler
33%
Klinklang
33%
Ledian
33%
Linoone
33%
Luvdisc
33%
Magnemite
33%
Mandibuzz
33%
Moltres
33%
Morgrem
33%
Musharna
33%
Poliwag
33%
Quilladin
33%
Raticate
33%
Regice
33%
Reuniclus
33%
Ribombee
33%
Rookidee
33%
Sandaconda
33%
Scrafty
33%
Seadra
33%
Seaking
33%
Shedinja
33%
Shroomish
33%
Silcoon
33%
Simisear
33%
Slowbro
33%
Slowking
33%
Spearow
33%
Spheal
33%
Suicune
33%
Swablu
33%
Tangrowth
33%
Togetic
33%
Tyrogue
33%
Vigoroth
33%
Yamask
33%
Yanmega
33%
Zebstrika
33%
Audino
31%
Duraludon
31%
Flapple
31%
Growlithe
31%
Latias
31%
Lumineon
31%
Scyther
31%
Cherubi
30%
Clamperl
30%
Comfey
30%
Cradily
30%
Eiscue
30%
Galvantula
30%
Hattrem
30%
Mightyena
30%
Sunkern
30%
Thwackey
30%
Wartortle
30%
Articuno
29%
Bisharp
29%
Charjabug
29%
Chinchou
29%
Conkeldurr
29%
Dewgong
29%
Drakloak
29%
Dunsparce
29%
Genesect
29%
Lycanroc
29%
Noibat
29%
Raboot
29%
Roggenrola
29%
Snorunt
29%
Spiritomb
29%
Woobat
29%
Copperajah
27%
Crobat
27%
Diggersby
27%
Electrike
27%
Falinks
27%
Ferrothorn
27%
Frogadier
27%
Grotle
27%
Kirlia
27%
Kricketune
27%
Medicham
27%
Pidgeotto
27%
Tynamo
27%
Wailmer
27%
Barbaracle
25%
Bouffalant
25%
Celesteela
25%
Chatot
25%
Claydol
25%
Drifloon
25%
Duosion
25%
Ferroseed
25%
Garbodor
25%
Glameow
25%
Hatenna
25%
Heliolisk
25%
Lampent
25%
Leafeon
25%
Loudred
25%
Mesprit
25%
Mienfoo
25%
Morelull
25%
Oranguru
25%
Pachirisu
25%
Passimian
25%
Pelipper
25%
Poipole
25%
Rillaboom
25%
Rolycoly
25%
Sandshrew
25%
Scolipede
25%
Sharpedo
25%
Shelgon
25%
Skiploom
25%
Solrock
25%
Starmie
25%
Tympole
25%
Volcarona
25%
Watchog
25%
Duskull
23%
Heracross
23%
Lairon
23%
Runerigus
23%
Simisage
23%
Tranquill
23%
Accelgor
22%
Arcanine
22%
Beedrill
22%
Blipbug
22%
Brionne
22%
Cinccino
22%
Cresselia
22%
Empoleon
22%
Goldeen
22%
Greedent
22%
Heatmor
22%
Mantine
22%
Pidgeot
22%
Sigilyph
22%
Smeargle
22%
Solgaleo
22%
Thievul
22%
Trapinch
22%
Gallade
21%
Leavanny
21%
Blastoise
20%
Caterpie
20%
Clauncher
20%
Corsola
20%
Corvisquire
20%
Darmanitan
20%
Dracozolt
20%
Dragonite
20%
Emboar
20%
Golett
20%
Granbull
20%
Lickitung
20%
Nihilego
20%
Poliwrath
20%
Poochyena
20%
Raichu
20%
Roserade
20%
Sinistea
20%
Sliggoo
20%
Thundurus
20%
Totodile
20%
Whismur
20%
Xurkitree
20%
Incineroar
19%
Anorith
18%
Boldore
18%
Deerling
18%
Eldegoss
18%
Froakie
18%
Gothitelle
18%
Grimmsnarl
18%
Gumshoos
18%
Inteleon
18%
Meditite
18%
Staraptor
18%
Stonjourner
18%
Trumbeak
18%
Aerodactyl
17%
Azurill
17%
Cursola
17%
Dhelmise
17%
Fletchinder
17%
Gastrodon
17%
Helioptile
17%
Mismagius
17%
Mudbray
17%
Omanyte
17%
Registeel
17%
Roselia
17%
Salamence
17%
Scorbunny
17%
Shiinotic
16%
Centiskorch
15%
Clawitzer
15%
Mienshao
15%
Scraggy
15%
Serperior
15%
Terrakion
15%
Togekiss
15%
Ariados
14%
Armaldo
14%
Bergmite
14%
Crustle
14%
Cryogonal
14%
Dracovish
14%
Escavalier
14%
Gyarados
14%
Infernape
14%
Meganium
14%
Pangoro
14%
Parasect
14%
Remoraid
14%
Shuckle
14%
Sizzlipede
14%
Spinarak
14%
Vanillish
14%
Bellsprout
13%
Dusknoir
13%
Haunter
13%
Kabutops
13%
Karrablast
13%
Lombre
13%
Seismitoad
13%
Shieldon
13%
Archeops
11%
Beldum
11%
Cobalion
11%
Doublade
11%
Metapod
11%
Mudsdale
11%
Polteageist
11%
Sandile
11%
Simipour
11%
Stoutland
11%
Tsareena
11%
Typhlosion
11%
Aegislash
10%
Alcremie
10%
Cloyster
10%
Fomantis
10%
Gossifleur
10%
Gothorita
10%
Obstagoon
10%
Tentacool
10%
Arctovish
9%
Arctozolt
9%
Crawdaunt
9%
Delcatty
9%
Landorus
9%
Silicobra
9%
Vanilluxe
9%
Eternatus
8%
Honedge
8%
Lurantis
8%
Mamoswine
8%
Meowstic
8%
Metagross
8%
Glaceon
7%
Vanillite
6%
Appletun
0%
Aromatisse
0%
Basculin
0%
Bibarel
0%
Carbink
0%
Castform
0%
Chesnaught
0%
Chikorita
0%
Combusken
0%
Cramorant
0%
Cranidos
0%
Dragalge
0%
Dragapult
0%
Electrode
0%
Fletchling
0%
Floette
0%
Gothita
0%
Grapploct
0%
Hydreigon
0%
Liepard
0%
Lilligant
0%
Lunatone
0%
Manectric
0%
Maractus
0%
Mareanie
0%
Marowak
0%
Marshadow
0%
Meloetta
0%
Munchlax
0%
Naganadel
0%
Ninetales
0%
Octillery
0%
Omastar
0%
Pansear
0%
Pawniard
0%
Persian
0%
Relicanth
0%
Samurott
0%
Scatterbug
0%
Sunflora
0%
Talonflame
0%
Tentacruel
0%
Tirtouga
0%
Togedemaru
0%
Tornadus
0%
Torracat
0%
Trevenant
0%
Tropius
0%
Ursaring
0%
Wishiwashi
0%
Yamper
0%
No matching quizzes found
Score Distribution
Percent of People with Each Score
Percentile by Number Answered
Your Score History
You have not taken this quiz